The world of the Brontës : the lives, times and works of Charlotte, Emily and Anne Brontë /

Bibliographic Details
Main Author: O'Neill, Jane
Format: Book
Language:English
Published: London : Carlton, 1997.
Subjects:

MARC

Tag First Indicator Second Indicator Subfields
LEADER 00000cam a2200000 a 4500
001 in00002398528
005 20151109070153.0
008 970508s1997 bccac b 001 0beng c
015 |a C97-910461-0 
020 |a 1551921219 :  |c $29.95 
020 |a 9781551921211 
020 |a 1858683416 
020 |a 9781858683416 
029 1 |a UKM  |b b9845969 
029 1 |a NLGGC  |b 184356113 
029 1 |a NZ1  |b 4579937 
029 1 |a AU@  |b 000013587362 
035 |a (OCoLC)ocm39339557 
035 |a (OCoLC)39339557 
040 |a PUL  |c PUL  |d UKM  |d PSM  |d BTCTA  |d YDXCP  |d TXA  |d UtOrBLW 
042 |a pcc 
049 |a TXAM 
050 4 |a PR4168  |b .O54 1997 
082 0 |a 823/.809  |2 21 
100 1 |a O'Neill, Jane. 
245 1 4 |a The world of the Brontës :  |b the lives, times and works of Charlotte, Emily and Anne Brontë /  |c Jane O'Neill. 
264 1 |a London :  |b Carlton,  |c 1997. 
300 |a 144 pages :  |b illustrations (some color), portraits ;  |c 29 cm. 
336 |a text  |b txt  |2 rdacontent 
337 |a unmediated  |b n  |2 rdamedia 
338 |a volume  |b nc  |2 rdacarrier 
504 |a Includes bibliographical references (page 143) and index. 
600 1 0 |a Brontë, Charlotte,  |d 1816-1855. 
600 1 0 |a Brontë, Emily,  |d 1818-1848. 
600 1 0 |a Brontë, Anne,  |d 1820-1849. 
650 0 |a Authors, English  |y 19th century  |v Biography. 
600 3 4 |a Brontë (Family) 
600 3 4 |a Brontë (Family)  |x Homes and haunts. 
938 |a Baker and Taylor  |b BTCP  |n bl 99006457 
938 |a YBP Library Services  |b YANK  |n 100090006 
994 |a C0  |b TXA 
948 |a cataloged  |b h  |c 2008/6/16  |d c  |e blrosas  |f 2:55:01 pm 
999 |a MARS 
999 f f |s afd302f6-e7cb-3367-ba7d-2fe09bd8c47c  |i 756d4be2-5c05-3ba2-b902-5ce6e5d18476  |t 0 
952 f f |p noncirc  |a Texas A&M University  |b College Station  |c Cushing Memorial Library & Archives  |d Cushing: Literature/Mitchell (Does not check out)  |t 0  |e PR4168 .O54 1997  |h Library of Congress classification  |i unmediated -- volume 
998 f f |a PR4168 .O54 1997  |t 0  |l Cushing: Literature/Mitchell (Does not check out)